| 000 | 013710000a22002890004500 | ||
|---|---|---|---|
| 001 | 19693 | ||
| 003 | CO-MdFUSB | ||
| 005 | 20180622165144.0 | ||
| 008 | 160329b2007 sp ||||f |||| 00| 0 spa d | ||
| 020 | _a84-8432-885-6 | ||
| 040 |
_aCO-MdFUSB _cCO-MdFUSB _erda |
||
| 041 | _aspa | ||
| 100 | 1 |
_aCrossan, John Dominic _d1934- |
|
| 245 | 1 | 3 |
_aEl Jesús de la historia _b: vida de un campesino judío _c/ John D. Crossan ; traducido por Teófilo de Lozoya |
| 246 | _aTítulo original en inglés: The historical Jesus. The life of a mediterranean jewis peasant | ||
| 250 | _aSegunda edición | ||
| 264 |
_aBarcelona, España _b : Crítica _c2007 |
||
| 300 | _a565 páginas | ||
| 336 |
_a1 _2rdacontent _ba1 |
||
| 337 |
_2rdamedia _a2 _b5 |
||
| 338 |
_a2 _2rdacarrier _b5 |
||
| 501 | _arústico | ||
| 505 | 0 | 0 | _aUn imperio en manos intermediarios -- Guerra y paz -- esclavo y patrono -- pobreza y libertad -- La mediación puesta en entredicho -- Aristócrata e historiador -- visionario y maestro -- campesino y manifestante -- Mago y profeta -- Bandido y Mesías -- Rebelde y revolucionario -- Un reino sin intermediarios -- Juan y Jesús -- El reino y la sabiduría -- Magia y banquete -- Muerte y sepultura -- Resurrección y autoridad -- Jesús y el judaísmo |
| 653 | _aJesús - Historicidad | ||
| 700 |
_966 _a Lozoya, Teófilo de _eTraductor |
||
| 942 | _cBK | ||
| 999 |
_c46055 _d46055 |
||